000 00693nam a2200265Ia 4500
005 20260121173029.0
008 008 260114s9999 xx 000 0 eng d
020 _a9783030912253
037 _aEBOOK
040 _aCRL
040 _beng
040 _cCRL
041 _2eng
041 _aeng
084 _qCRL
100 _aSabrina P. Ramet, Vladimir Ðor?evi?, Christine M. Hassenstab
_91095769
245 0 _aCivic and Uncivic Values in the Czech Republic
260 _bSpringer
260 _bSpringer
260 _c2022
856 _uhttps://link.springer.com/openurl?genre=book&isbn=978-3-030-91225-3
942 _cEBOOK
999 _c1661512
_d1661512